000 00952nam a2200241Ia 4500
003 OSt
005 20220923220622.0
006 a|||||r|||| 00| 0
007 ta
008 220922b |||||||| |||| 00| 0 hin d
024 _a187,955
037 _cTextual
040 _aARTS
_cARTS
_bhin
041 _2hin
_ahin
082 _aV243:11.N84, 152M6
100 _aहली, मार्क; जेकव, सतीश
_9164385
245 0 _aअमृतसर* इन्दिरा गांधी की आखिरी लडाई, अनु उदय प्रकाश
246 _aAmṛutasara: indirā gāandhī kī ākhirī laḍāī, anu0 udaya prakāsha
260 _aनई दिल्ली
_b राधाकृष्ण प्रकाशन
_c1986
300 _a239 पृ.
_ccm.
942 _hV243:11.N84, 152M6
_cTEXL
_2CC
999 _c341031
_d341031